[Event "Olympiad"]
[Site "masterchessopen.com – Calvia (Spain)"]
[Date "2004.10.17"]
[Round "2"]
[White "Chahrani Ibrahim (LBA)"]
[Black "Lettsome Maurice (IVB)"]
[Result "1-0"]
[WhiteElo "2273"]
[BlackElo "1783"]

1.e4 c5 2.Nf3 d6 3.d4 cxd4 4.Nxd4 Nf6 5.Nc3 a6 6.g3 g6 7.Bg2 Bg7 8.h3 Nc6
9.Nxc6 bxc6 10.e5 Nd7 11.exd6 Bb7 12.dxe7 Qxe7+ 13.Be3 Rd8 14.O-O O-O 15.Qe2
Rfe8 16.Rfd1 Bxc3 17.bxc3 Nf6 18.Rxd8 Rxd8 19.Qc4 Nd5 20.Bd4 Re8 21.Rb1 Qd7
22.Qc5 Qe7 23.Qxe7 Rxe7 24.c4 c5 25.Bxc5 Rc7 26.cxd5 {#r} 1-0

[Event "It (open) (b)"]
[Site "masterchessopen.com – Hoogeveen (Netherlands)"]
[Date "2004.10.23"]
[Round "9"]
[White "Mellema Andries (NED)"]
[Black "Goudriaan Etienne (NED)"]
[Result "0-1"]
[WhiteElo "2182"]
[BlackElo "2250"]

1.e4 c5 2.Nf3 d6 3.d4 cxd4 4.Nxd4 Nf6 5.Nc3 a6 6.g3 e5 7.Nb3 Bg4 8.Qd3 Nc6
9.Bg2 Be6 10.Bg5 b5 11.Bxf6 gxf6 12.Nd5 Rc8 {#R} 0-1

[Event "Olympiad"]
[Site "masterchessopen.com – Calvia (Spain)"]
[Date "2004.10.27"]
[Round "12"]
[White "Socko Bartosz (POL)"]
[Black "Karjakin Sergey (UKR)"]
[Result "0-1"]
[WhiteElo "2570"]
[BlackElo "2576"]

{ } 1.e4 { 1 } 1...c5 2.Nf3 d6 3.d4 cxd4 4.Nxd4 Nf6 5.Nc3 a6 6.g3 e5 7.Nb3 Be7
8.Bg2 { = } 8...b5 ( 8...O-O 9.O-O Nbd7 10.a4 b6 11.Re1 Bb7 12.Bg5 Rc8 13.Nd2
h6 14.Bxf6 Nxf6 15.Nf1 Rc5 16.Ne3 g6 17.Qd3 Qc7 18.Ra3 Qc8 19.Rb3 Qc7 20.Na2
Ra5 21.Nc3 Rc5 22.Rb4 Rd8 23.Ra1 Bf8 24.h4 h5 25.Rd1 Rc8 26.Rb3 Rd8 27.Re1 Bh6
28.Re2 { ...0-1, Dvoirys Semen I 2612 - Khismatullin Denis 2537 , Tomsk 23.
5.2004 Ch Russia (qual) } ) ( 8...Nbd7 9.O-O O-O 10.a4 b6 11.f4 Bb7 12.g4 Rc8
13.g5 Ne8 14.Qg4 exf4 15.Bxf4 Ne5 16.Qg3 Ng6 17.Be3 d5 18.e5 Bb4 19.Bd4 Nc7
20.Bxb6 Qe7 21.Na2 Na8 22.Nxb4 Nxb6 23.c3 Nc4 24.Rf2 d4 25.Bxb7 Qxb7 26.Nxd4
Ncxe5 27.h4 Rc5 28.a5 { ...0-1, Morrison William 2390 - Kasparov Garry 2820 ,
Catonsville 1997 Simultan } ) 9.O-O ( 9.a4 Bb7 10.axb5 axb5 11.Rxa8 Bxa8
12.Qd3 b4 13.Nd5 Nxd5 14.exd5 O-O 15.Bd2 f5 16.Bxb4 e4 17.Qb5 Qd7 18.Nd4 Qa7
19.Ne6 Rc8 20.O-O Qa6 21.c4 Qxb5 22.cxb5 Bxd5 23.Nd4 g6 24.Rd1 Bb7 25.Nb3 Kf7
26.Na5 Ba8 27.b6 Na6 28.Bxd6 Rd8 { ...1-0, Sax Gyula 2570 - Byrne Robert E
2434 , New York 1987 It (open) } ) 9...Nbd7 { N } ( 9...Bb7 10.Bd2 O-O (
10...Nbd7 11.Re1 O-O 12.a4 Nc5 13.Nxc5 dxc5 14.axb5 axb5 15.Rxa8 Qxa8 16.Nxb5
Nxe4 17.Nc7 Qc8 18.Ba5 Rd8 19.Qe2 Rd4 20.Nb5 Ra4 21.Nc3 Rxa5 22.Bxe4 c4 23.Rd1
Rc5 24.Bd5 Bxd5 25.Rxd5 Qe6 26.Rxc5 Bxc5 27.Ne4 Bf8 28.c3 Qb6 29.g4 { ...1-0,
Popovic Petar 2502 - Van Beers Eddy 2433 , Belgium 2003 Ch Belgium (team)
2003/04 } ) 11.Nd5 Bxd5 12.Ba5 Qc8 13.exd5 Nbd7 14.Re1 Re8 15.Rc1 Bd8 16.Bb4
a5 17.Bxd6 Qa6 18.Bxe5 Rxe5 19.Rxe5 Nxe5 20.Qe2 Nc4 21.Nc5 Qa7 22.d6 Rb8
23.Nb7 Rxb7 24.Bxb7 Qxb7 25.Ra1 Qd7 26.b3 Nxd6 27.c4 bxc4 28.bxc4 Qc6 29.Qe5 {
...0-1, Nepeina-Leconte Maria 2302 - Navrotescu Catalin 2435 , St. Lo 2001 It
} ) ( 9...O-O 10.Bd2 Bg4 11.Qc1 Nbd7 12.h3 Be6 13.Nd5 Bxd5 14.exd5 Nb6 15.Na5
Qd7 16.Rd1 Nbxd5 17.Be1 e4 18.b3 Rac8 19.c4 Bd8 20.g4 b4 21.g5 Qf5 22.gxf6 Nf4
23.Qe3 Re8 24.Rd5 Nxd5 25.cxd5 Bxa5 26.fxg7 Qxd5 27.Qe2 Qe5 28.Rd1 d5 29.a3 {
...0-1, Fontaine Robert 2532 - Eriksson Johan 2423 , Stockholm 2004 Cup Rilton
} ) ( 9...b4 10.Nd5 Nxd5 11.exd5 Nd7 12.Kh1 O-O 13.f4 Bf6 14.Nd2 exf4 15.Rxf4
Rb8 16.Ne4 Be5 17.Rh4 Nf6 18.Ng5 h6 19.Nf3 Ng4 20.Qf1 Bf6 21.Rh5 g6 22.Rxh6
Nxh6 23.Bxh6 Bxb2 24.Bxf8 Bxa1 25.Qxa1 Qxf8 26.Qf6 Bf5 27.Nd4 Qd8 28.Qxd8+
Rxd8 29.Nxf5 { ...0-1, Edouard Romain 2084 - Monteau Luc 2224 , Niort 28.
9.2002 It (open) } ) 10.Bd2 O-O ( 10...Rb8 11.Nd5 Nxd5 12.exd5 O-O 13.Na5 Bb7
14.a4 Qc7 15.axb5 axb5 16.Nc6 Bxc6 17.dxc6 Nb6 18.Ba5 d5 19.Bxb6 Rxb6 20.Qxd5
Rd8 21.Qe4 g6 22.f4 Bd6 23.fxe5 Bxe5 24.Rae1 f6 25.Qg4 Kg7 26.Qe6 Rd6 27.Rxe5
Rxe6 28.Rxe6 Ra6 29.Rexf6 Ra1 30.Rxa1 { ...1-0, Lopez Martinez Josep Manuel
2440 - Ibarra Jerez Jose Carlos 2417 , La Roda 11. 4.2004 It (open) } ) 11.a4
( 11.Re1 Nb6 12.a4 Bg4 13.Qc1 Qd7 14.axb5 axb5 15.Na5 Be6 16.Bg5 b4 17.Bxf6
Bxf6 18.Nd5 Bxd5 19.exd5 Qb5 20.Nc6 Rxa1 21.Qxa1 Qc5 22.Qa5 Qxa5 23.Nxa5 Ra8
24.Nc6 Ra2 25.Rb1 Nc4 26.b3 Nd2 27.Nxb4 Rxc2 28.Nxc2 Nxb1 29.Ne3 Bd8 30.Nc4
Bc7 { ...1/2-1/2, Movsesian Sergei 2639 - Gelfand Boris 2709 , Budapest 2003
It (cat.17) } ) 11...b4 12.Nd5 ( 12.Nb1 a5 13.c3 Nc5 14.cxb4 axb4 15.Bxb4 Ba6
16.Nxc5 Bxf1 17.Qxf1 dxc5 18.Bc3 c4 19.Qxc4 Qd1+ 20.Qf1 Qc2 21.Nd2 Rfd8 22.Nc4
Rxa4 23.Rc1 Qb3 24.Nxe5 Nxe4 25.Nc6 Re8 26.Qd3 Bc5 27.Qd7 Qe6 28.Qxe6 Rxe6
29.Bd4 Bxd4 30.Nxd4 Re8 31.Bxe4 Rxd4 { ...0-1, Felgaer Ruben 2592 - Dominguez
Lenier 2612 , Habana 10. 5.2004 Memorial J.Capablanca (a) (cat.13) } )
12...Nxd5 13.exd5 a5 14.c3 bxc3 ( 14...Rb8 15.Re1 Ba6 16.cxb4 axb4 17.Re4 Nc5
18.Rxb4 Rxb4 19.Bxb4 Nd3 20.Ba5 Qb8 21.Bf1 Nxb2 22.Qc2 Bxf1 23.Kxf1 Qb7
24.Qxb2 Rb8 25.Rb1 Qxd5 26.Kg1 Qc4 27.Qa2 d5 28.Rc1 { 1-0, Atlas Valeri 2477 -
Olafsson Helgi 2475 , Halkidiki 2002 Cup European Club (final) } ) 15.Bxc3 Qb6
16.Ra3 { } ( 16.Re1 Bd8 17.Nd2 Ba6 18.Bf1 Nf6 19.Bxa6 Qxa6 20.Ne4 Nxe4 21.Rxe4
f5 22.Re1 Bb6 23.Kg2 Rac8 24.Qb3 f4 25.f3 fxg3 26.hxg3 Rxf3 27.Kxf3 Rf8+
28.Ke4 Qc8 29.Rf1 Qg4+ 30.Kd3 Qxg3+ 31.Kc4 Rc8+ 32.Kb5 Qd3+ 33.Kxb6 Rb8+ {
0-1, Zorko Jure 2325 - Fercec Nenad 2460 , Pula 23. 6.2004 It (open) } )
16...f5 { N } 17.Re1 { ?! } ( 17.Qd2 { !? } 17...Bd8 18.Nxa5 Rxa5 19.Bxa5 { }
) 17...Bd8 18.Nd2 Ba6 19.Nb3 Bb7 20.Nd2 Rc8 21.Nb3 Qa7 22.Qd2 Ra8 23.Nc1 { ?!
} ( 23.Raa1 { !? } 23...f4 24.g4 f3 25.Bh3 { } ) 23...Nf6 24.b4 Ne4 25.Bxe4
fxe4 26.bxa5 Bg5 27.Qa2 { ?! } ( 27.Qe2 { !? } 27...Rf7 28.Ra2 e3 29.fxe3 { }
) 27...e3 28.f3 e2+ 29.Kg2 Rxf3 30.Qxe2 Bxc1 31.Kxf3 Bxa3 { } {#R} 0-1

[Event "Ch Privolzhskogo FO (juniors) (under 16)"]
[Site "masterchessopen.com – Oktjabrsky (Russia)"]
[Round "2"]
[White "Shenin Andrey (RUS)"]
[Black "Shlegin Stanislav (RUS)"]
[Result "0-1"]
[WhiteElo "2132"]
[BlackElo "2344"]

1.e4 c5 2.Nf3 d6 3.d4 cxd4 4.Nxd4 Nf6 5.Nc3 a6 6.g3 e5 7.Nde2 Qc7 8.Bg2 Be7
9.O-O Nbd7 10.a4 b6 11.Bg5 Bb7 12.Qd2 O-O 13.Rad1 Rac8 14.g4 Rfd8 15.Ng3 Nc5
16.Nf5 Ne6 17.Be3 Bf8 18.f3 d5 19.exd5 Nxd5 20.Nxd5 Rxd5 21.Qf2 Qxc2 22.Rxd5
Bxd5 23.Bxb6 Qxa4 24.Ne3 Bb7 25.Rd1 Qb3 26.Ba7 Nf4 27.Bf1 Ra8 28.Nc2 Qxf3
29.Qxf3 Bxf3 30.Rd7 Rxa7 31.Rxa7 Bc5+ {#R} 0-1

[Event "Hessenliga 2004/05"]
[Site "masterchessopen.com – Germany"]
[Date "2004.11.07"]
[Round "3"]
[White "Prange Dieter (GER)"]
[Black "Gerber Peter (GER)"]
[Result "1-0"]
[WhiteElo "2168"]
[BlackElo "2195"]

1.e4 c5 2.Nf3 d6 3.d4 cxd4 4.Nxd4 Nf6 5.Nc3 a6 6.g3 e5 7.Nf5 Bxf5 8.exf5 d5
9.Bg5 Bb4 10.Bg2 d4 11.a3 Ba5 12.b4 dxc3 13.bxa5 Nc6 14.Bxc6+ bxc6 15.O-O O-O
16.Qf3 Qd5 17.Qxc3 Ne4 18.Qe3 f6 19.Bh4 Rfd8 20.f3 Nd2 21.Rf2 Nc4 22.Qe1 Rab8
23.g4 Qd4 24.Kg2 h5 25.h3 hxg4 26.hxg4 Ne3+ 27.Kh3 Kf7 28.Re2 Nd5 29.Bg3 Rh8+
{#r} 1-0

[Event "Czech League 2004/05 (2nd) (c)"]
[Site "masterchessopen.com – Czech Republic"]
[Date "2004.12.19"]
[Round "5"]
[White "Hosek Milan (CZE)"]
[Black "Juptner Jan (CZE)"]
[Result "1-0"]
[WhiteElo "2243"]
[BlackElo "2241"]

1.e4 c5 2.Nf3 d6 3.d4 cxd4 4.Nxd4 Nf6 5.Nc3 a6 6.g3 Nc6 7.Bg2 Nd7 8.O-O e6
9.b3 Be7 10.Bb2 O-O 11.Nce2 Qc7 12.c4 Rb8 13.Qd2 Nxd4 14.Nxd4 Ne5 15.f4 Nc6
16.e5 Rd8 17.Nxc6 bxc6 18.exd6 Bxd6 19.Qe3 c5 20.Rad1 Bb7 21.Bxb7 Qxb7 22.Bxg7
Bxf4 23.Rxd8+ {#r} 1-0

[Event "Ch Belarus (w)"]
[Site "masterchessopen.com – Minsk (Belarus)"]
[Date "2005.03.18"]
[Round "8"]
[White "Savushkina Evgenia (BLR)"]
[Black "Kovalevskaya Natalia (BLR)"]
[Result "0-1"]
[WhiteElo "2146"]
[BlackElo "2015"]

1.e4 c5 2.Nf3 d6 3.d4 cxd4 4.Nxd4 Nf6 5.Nc3 a6 6.g3 e5 7.Nde2 Be7 8.Bg2 b5
9.h3 O-O 10.g4 b4 11.Nd5 Nxd5 12.exd5 f5 13.gxf5 Bxf5 14.Ng3 Bg6 15.Be4 Qe8
16.Qg4 Qf7 17.Be3 Bxe4 18.Qxe4 Nd7 19.Qxb4 Qxd5 20.Qb3 Qxb3 21.axb3 d5 22.Ra5
Bb4+ 23.Bd2 Bxa5 24.Bxa5 Rac8 25.c3 Nc5 26.Ke2 Nxb3 27.Bb6 Rc6 {#R} 0-1

[Event "Cup North Sea (open)"]
[Site "masterchessopen.com – Esbjerg (Denmark)"]
[Date "2005.07.02"]
[Round "1"]
[White "Hartvig Ove Weiss (DEN)"]
[Black "Kallenbach Uffe (DEN)"]
[Result "1-0"]
[WhiteElo "2203"]
[BlackElo "1619"]

1.e4 c5 2.Nf3 d6 3.d4 cxd4 4.Nxd4 Nf6 5.Nc3 a6 6.g3 e5 7.Nde2 Nbd7 8.Bg2 Qc7
9.h3 b5 10.g4 h6 11.Ng3 Nb6 12.O-O Bb7 13.Qd3 g6 14.a3 Be7 15.b3 Rc8 16.Bb2
O-O 17.Rac1 Nfd7 18.Nge2 Nc5 19.Qe3 Bg5 20.f4 exf4 21.Nxf4 Ne6 22.Nce2 Rfe8
23.h4 Bxh4 24.Nxe6 fxe6 25.Qxh6 Qh7 26.Qxh7+ Kxh7 27.Rf7+ {#r} 1-0

[Event "It (open)"]
[Site "masterchessopen.com – Koszalin (Poland)"]
[Round "8"]
[White "Mazurkiewicz Michal (POL)"]
[Black "Ocytko Andrzej (POL)"]
[Result "0-1"]
[WhiteElo "2155"]
[BlackElo "2193"]

1.e4 c5 2.Nf3 d6 3.d4 cxd4 4.Nxd4 Nf6 5.Nc3 a6 6.g3 e5 7.Nde2 Nbd7 8.Bg2 b5
9.O-O Bb7 10.Nd5 Nxd5 11.exd5 Be7 12.f4 O-O 13.fxe5 Qb6+ 14.Rf2 dxe5 15.d6 Bd8
16.Nc3 Nf6 17.Nd5 Bxd5 18.Bxd5 Qc5 19.Bxa8 Bb6 20.Kh1 Qxf2 21.Bg2 Ng4 22.Bf4
h5 23.Bd2 {#R} 0-1

[Event "Ch Russia (students)"]
[Site "masterchessopen.com – Nizhnij Tagil (Russia)"]
[Date "2005.10.07"]
[Round "4"]
[White "Grunina Nina (RUS)"]
[Black "Mazurkin Alexander (RUS)"]
[Result "1-0"]
[WhiteElo "2194"]
[BlackElo "2062"]

1.e4 c5 2.Nf3 d6 3.d4 cxd4 4.Nxd4 Nf6 5.Nc3 a6 6.g3 e5 7.Nde2 Be7 8.Bg2 Nbd7
9.a4 b6 10.h3 Bb7 11.g4 Nc5 12.Ng3 O-O 13.O-O Re8 14.Re1 Rc8 15.Nf5 Bf8 16.g5
Nfd7 17.Nxd6 Bxd6 18.Qxd6 Rc6 19.Qd1 Ne6 20.h4 Qc8 21.Be3 Ndf8 22.h5 Kh8
23.Rc1 Nf4 24.Nd5 Nxg2 25.Kxg2 Ne6 26.Rh1 Nf4+ 27.Bxf4 exf4 28.h6 Rg6 29.hxg7+
Rxg7 30.Qd3 Bxd5 {#r} 1-0

[Event "Landesliga 2005/06"]
[Site "masterchessopen.com – Mecklenburg-Vorpommern (Germany)"]
[Date "2005.10.23"]
[Round "1"]
[White "Martensen Helmut (GER)"]
[Black "Littke Helmut (GER)"]
[Result "1-0"]
[WhiteElo "2009"]
[BlackElo "2116"]

1.e4 c5 2.Nf3 d6 3.d4 cxd4 4.Nxd4 Nf6 5.Nc3 a6 6.g3 e5 7.Nb3 Bg4 8.Qd3 Nc6
9.a3 Be7 10.f3 Be6 11.Nd5 Na5 12.Nxa5 Bxd5 13.b4 b6 14.exd5 bxa5 15.Bd2 Qc7
16.bxa5 O-O 17.c4 e4 18.fxe4 Nxe4 19.Qxe4 Rfe8 20.O-O-O {#r} 1-0

[Event "Tournament (2)"]
[Site "masterchessopen.com – Pagrati (Greece)"]
[Round "2"]
[White "Galanos Dimitrios (GRE)"]
[Black "Filippas Sebastian (GRE)"]
[Result "1-0"]
[WhiteElo "2147"]
[BlackElo "2107"]

1.e4 c5 2.Nf3 d6 3.d4 cxd4 4.Nxd4 Nf6 5.Nc3 a6 6.g3 e5 7.Nb3 Nbd7 8.a4 b6
9.Bg2 Bb7 10.O-O Rc8 11.Re1 Be7 12.Nd2 Rxc3 13.bxc3 Qc7 14.g4 Nc5 15.g5 Nfd7
16.Qg4 Ne6 17.Nf3 Qxc3 18.Bd2 Qc7 19.Ra3 Ndc5 20.h4 Qc6 21.h5 O-O 22.Nh4 g6
23.Rh3 Ng7 24.f4 exf4 25.hxg6 fxg6 26.Bc3 Rf7 27.e5 d5 28.e6 Ncxe6 29.Nxg6
hxg6 30.Rxe6 Qxe6 31.Qxe6 {#r} 1-0

[Event "Ch Ukraine (juniors) (under 18)"]
[Site "masterchessopen.com – Dnepropetrovsk (Ukraine)"]
[Date "2006.03.04"]
[Round "1"]
[White "Kuzubov Yuriy (UKR)"]
[Black "Shevtsov Nikoliy (UKR)"]
[Result "1-0"]
[WhiteElo "2559"]
[BlackElo "2325"]

1.Nf3 c5 2.e4 d6 3.d4 cxd4 4.Nxd4 Nf6 5.Nc3 a6 6.g3 e5 7.Nb3 Be6 8.Bg2 Nbd7
9.O-O Rc8 10.a4 Be7 11.a5 Nc5 12.Be3 Nxb3 13.cxb3 O-O 14.f4 Bg4 15.Qc2 exf4
16.Bb6 Qd7 17.gxf4 d5 18.e5 Ne4 19.Qd3 Bc5+ 20.Bxc5 Rxc5 21.b4 Rb5 22.Nxb5
Qxb5 23.Qxb5 axb5 24.Rac1 Rd8 25.h3 Bf5 26.Rfd1 d4 27.Bxe4 {#r} 1-0

[Event "It (open)"]
[Site "masterchessopen.com – Lyons (France)"]
[Round "7"]
[White "Inkiov Ventzislav (BUL)"]
[Black "Jedynak Radoslaw (POL)"]
[Result "0-1"]
[WhiteElo "2523"]
[BlackElo "2559"]

1.e4 c5 2.Nf3 d6 3.d4 cxd4 4.Nxd4 Nf6 5.Nc3 a6 6.g3 e5 7.Nde2 b5 8.Bg2 Bb7
9.h3 Nbd7 10.g4 Nc5 11.Ng3 g6 12.O-O b4 13.Nd5 Nxd5 14.exd5 Bg7 15.f4 O-O
16.f5 Qh4 17.Be3 e4 18.Bf4 Rfe8 19.Bxd6 Rad8 20.Bxc5 Rxd5 21.Qe1 Rxc5 22.Nxe4
Qd8 23.fxg6 hxg6 24.Rd1 Bd4+ 25.Kh1 Bxe4 26.Bxe4 Rce5 27.Rf4 g5 28.c3 gxf4
29.Rxd4 Qe7 {#R} 0-1

[Event "Memorial I.Kurass (open)"]
[Site "masterchessopen.com – Kiev (Ukraine)"]
[Date "2006.06.22"]
[Round "6"]
[White "Chernozem Sergey (UKR)"]
[Black "Moiseev Igor (UKR)"]
[Result "0-1"]
[WhiteElo "2098"]
[BlackElo "2236"]

1.e4 c5 2.Nf3 d6 3.d4 cxd4 4.Nxd4 Nf6 5.Nc3 a6 6.g3 g6 7.Bg2 Bg7 8.O-O O-O
9.h3 Bd7 10.Be3 Nc6 11.a4 Ne5 12.Nde2 Rc8 13.b3 Qa5 14.Qd2 Bxh3 15.Rad1 Bxg2
16.Kxg2 Qb4 17.f3 Rc7 18.g4 Nexg4 19.fxg4 Nxe4 20.Nd5 Qxd2 21.Rxd2 Nxd2 22.Rd1
Rxc2 23.Bxd2 e6 24.Ne3 Rb2 25.b4 Rc8 26.Kf3 d5 27.g5 d4 28.Ng4 Rcc2 {#R} 0-1

[Event "Tournament"]
[Site "masterchessopen.com – Sepolno Kraj (Poland)"]
[Date "2006.06.28"]
[Round "7"]
[White "Krainski Slawomir (POL)"]
[Black "Zwolakiewicz Krzysztof (POL)"]
[Result "1-0"]
[WhiteElo "2137"]
[BlackElo "1986"]

1.e4 c5 2.Nf3 d6 3.d4 cxd4 4.Nxd4 Nf6 5.Nc3 a6 6.g3 g6 7.Bg2 Bg7 8.Nd5 O-O
9.O-O Nc6 10.Ne2 Nxd5 11.exd5 Ne5 12.h3 Bd7 13.Re1 Qc8 14.Kh2 Bxh3 15.Bxh3
Nf3+ 16.Kg2 Nxe1+ 17.Qxe1 Qxc2 18.Nc3 b5 19.a3 Qb3 20.Bg4 Ra7 21.Qe3 Rc7
22.Qb6 Rxc3 23.bxc3 Bxc3 24.Qe3 Qc2 25.Bd1 Qxd1 26.Qxc3 Qxd5+ 27.f3 e5 28.Bh6
Re8 29.Rc1 Qe6 30.Qc6 {#r} 1-0

[Event "Tournament \"]
[Site "masterchessopen.com – Piraeus (Greece)"]
[Date "2006.09.03"]
[Round "2"]
[White "Sideris Theodoros (GRE)"]
[Black "Spyrou Marina"]
[Result "1-0"]
[WhiteElo "2067"]
[BlackElo "1505"]

1.e4 c5 2.Nf3 d6 3.d4 cxd4 4.Nxd4 Nf6 5.Nc3 a6 6.g3 b5 7.Bg2 Bb7 8.O-O e6
9.Re1 Nbd7 10.Bg5 Be7 11.e5 Bxg2 12.exf6 gxf6 13.Nxe6 fxe6 14.Qh5+ Kf8 15.Bh6+
Kg8 16.Qg4+ Kf7 17.Qg7+ Ke8 18.Qxh8+ Kf7 19.Qxh7+ Ke8 20.Qg6# 1-0

[Event "It (open)"]
[Site "masterchessopen.com – Ashdod (Israel)"]
[Date "2006.09.17"]
[Round "7"]
[White "Livshits Gaby (ISR)"]
[Black "Smirin Ilia (ISR)"]
[Result "0-1"]
[WhiteElo "2405"]
[BlackElo "2659"]

{ Smirin Ilia (ISR) +1 =0 -0 } 1.e4 c5 2.Nf3 d6 3.d4 cxd4 4.Nxd4 Nf6 5.Nc3 a6
6.g3 e5 7.Nde2 Nbd7 8.Bg2 { = } 8...b5 ( 8...Be7 9.a4 b6 10.h3 h5 11.Be3 Qc7
12.Nd5 Nxd5 13.Qxd5 Bb7 14.Qd2 O-O 15.O-O Nf6 16.Nc3 Bc6 17.Rfd1 b5 18.axb5
axb5 19.b4 Qb7 20.Qd3 Rfc8 21.Bg5 Qb6 22.Rxa8 Rxa8 23.Qf3 Ra3 24.Bxf6 Bxf6
25.Rd3 h4 26.Rxd6 Be7 27.Rd3 Bxb4 28.gxh4 { ...1/2-1/2, Karpov Anatoly 2780 -
Ivanchuk Vassily 2695 , Buenos Aires 1994 Tournament (thematic) } ) 9.O-O Be7
( 9...Bb7 10.a4 b4 11.Nd5 a5 12.c3 Nxd5 13.exd5 Ba6 14.Re1 Be7 15.Be3 Rb8
16.f4 O-O 17.fxe5 Bxe2 18.Qxe2 Nxe5 19.c4 Bg5 20.Bxg5 Qxg5 21.c5 Qd8 22.Qa6 f6
23.c6 Qc7 24.Rad1 Ra8 25.Qf1 Rae8 26.h3 f5 27.Qf4 Rf6 28.Re2 Ref8 29.Kh1 {
...0-1, Geyler Gennadiy - Sadvakasov Darmen 2631 , Philadelphia 2003 It "World
Open" } ) 10.h3 O-O ( 10...Bb7 11.g4 Nc5 12.Ng3 O-O 13.Be3 Rc8 14.g5 Ne8
15.Qg4 g6 16.h4 Ne6 17.Rac1 Rc4 18.Nd5 Bxd5 19.b3 f5 20.gxf6 Nxf6 21.Qd1 Ng7
22.bxc4 Bxc4 23.Re1 Nfh5 24.Bf1 Be6 25.Be2 Bxh4 26.Nxh5 Nxh5 27.Bg4 Bxf2+
28.Bxf2 Qg5 29.Bh4 Qxh4 30.Bxe6+ { ...0-1, Stoinov Ivan 2300 - Delchev
Aleksander 2661 , Bankja 1992 It (open) } ) ( 10...Nb6 11.g4 h5 12.g5 Nfd7
13.f4 h4 14.Nd5 Nxd5 15.exd5 O-O 16.Kh1 Bb7 17.Nc3 exf4 18.Bxf4 Bxg5 19.Bxd6
Re8 20.Bf4 Ne5 21.Qh5 Bf6 22.b4 Nd7 23.Be4 Nf8 24.Bg5 Rxe4 25.Bxf6 Qe8 26.Bxh4
Ng6 27.Bg3 Re3 28.Rae1 Rc8 29.Nd1 Qe4+ { 0-1, Geirnaert Steven 2320 -
Naiditsch Arkadij 2611 , Belgium 2003 Ch Belgium (team) 2003/04 } ) 11.g4 (
11.a3 Bb7 12.g4 Nb6 13.Ng3 g6 14.Nd5 Nfxd5 15.exd5 Qc7 16.b3 Rac8 17.Be3 Nd7
18.Rc1 Rfe8 19.c4 bxc4 20.bxc4 Rb8 21.Ne4 f5 22.gxf5 gxf5 23.Ng5 Nf8 24.Qh5
Bf6 25.f4 e4 26.Kh1 Qg7 27.Rg1 Bxg5 28.Bf1 Ng6 29.Qxg5 Bc8 30.Rd1 Qc3 {
...1-0, Inkiov Ventzislav 2475 - Yudasin Leonid 2540 , Moscow 1989 Cup World
(open) } ) 11...b4 ( 11...Bb7 12.Ng3 b4 13.Nd5 Nxd5 14.exd5 g6 15.Bh6 Re8
16.f4 Bf8 17.Bxf8 Rxf8 18.f5 Rc8 19.Kh2 Rc5 20.Qd2 Qh4 21.fxg6 hxg6 22.Nh5
gxh5 23.Qh6 Rc4 24.Kg1 Rf4 25.Qxd6 Bc8 26.Rxf4 exf4 27.Rf1 hxg4 28.Qxf4 f5
29.Qxb4 Nf6 30.d6 Qg3 31.hxg4 { ...0-1, Kudrin Sergey 2550 - Byrne Robert E
2510 , Berkeley 1984 Ch USA } ) 12.Nd5 Nxd5 13.exd5 ( 13.Qxd5 Rb8 14.Be3 Nc5 (
14...Bb7 15.Qd2 Nc5 { -0.07 CAP } ) 15.Ng3 Qc7 16.Qd2 Rd8 17.c3 b3 18.a3 Bb7
19.Rfe1 g6 20.Rad1 a5 21.Kh1 Bc6 22.Qe2 Ne6 23.Rd2 Bg5 24.Bxg5 Nxg5 25.Qe3 Ne6
26.Red1 Kg7 27.Ne2 Bb5 28.Ng3 Nf4 29.Bf1 Bc6 30.Bg2 Ne6 31.Ne2 Bb5 32.Ng3 Ba6
{ ...0-1, Tarnowski Alfred - Boleslavsky Isaac 2560 , Lodz 1955 Match
"Poland-URS" } ) 13...a5 ( 13...Bg5 14.Ng3 Nc5 15.a3 Bxc1 16.Rxc1 a5 17.b3 f5
18.gxf5 Bxf5 19.Qd2 Qh4 20.Kh2 Bd7 21.Ra1 Rae8 22.axb4 axb4 23.Ra7 Rf6 24.Rfa1
Ref8 25.Ra8 Bc8 26.Rf1 Bxh3 27.Rxf8+ Kxf8 28.Bxh3 Rh6 29.Rh1 Qxh3+ 30.Kg1 Qd7
31.Rxh6 gxh6 32.Qxb4 Qe7 33.Qb8+ { ...1-0, Bojkov Dejan 2516 - Velchev Hristo
2224 , Sunny Beach 1.10.2005 Ch Bulgaria (team) } ) 14.Ng3 ( 14.c4 bxc3
15.Nxc3 f5 16.gxf5 Rxf5 17.Ne4 Nf8 18.f4 exf4 19.Bxf4 Ng6 20.Bg3 Nh4 21.Bxh4
Bxh4 22.Rxf5 Bxf5 23.Qf3 Bxe4 24.Qxe4 Bf6 25.Rf1 Qb6+ 26.Kh1 Rf8 27.b3 {
1/2-1/2, Zambrana Oswaldo 2253 - Alvarez Johan 2317 , Macas 2000 Ch
Pan-American (juniors) (under 20) } ) ( 14.a3 Ba6 15.Re1 Qc7 16.axb4 axb4
17.Bd2 Bh4 18.Ng3 Bxg3 19.fxg3 Bb7 20.Rxa8 Rxa8 21.Kh2 Qc4 22.b3 Qc5 23.Be3
Qb5 24.g5 Nb6 25.Bxb6 Qxb6 26.Re4 Rc8 27.Rc4 Rxc4 28.bxc4 Qc5 29.Qe2 Ba6
30.Bf1 Kf8 31.Kg2 Qd4 32.Qd3 Qxd3 33.Bxd3 Ke7 { ...0-1, Lujan Carolina 2322 -
Kazhgaleyev Murtas 2602 , Tarragona 25. 8.2005 It (open) } ) 14...Ba6 { -0.60
CAP N } ( 14...Bg5 15.Bxg5 ( 15.a3 Bxc1 16.Qxc1 bxa3 17.Rxa3 a4 18.Qd2 Nb6
19.Qb4 Rb8 20.Rfa1 Bd7 21.Ne4 Nxd5 22.Qxd6 Nb4 23.Rd1 Bb5 24.Qxd8 Rfxd8
25.Rxd8+ Rxd8 26.Nc3 Be8 27.Be4 { 1/2-1/2, Edouard Romain 2338 - Gharamian
Tigran 2416 , Chartres 24. 8.2005 Ch France (accession) } ) 15...Qxg5 16.a3
Ba6 17.Re1 Qd8 18.axb4 axb4 19.Qd2 Qb6 20.Nf5 Nc5 21.Ne7+ Kh8 22.b3 Ra7 23.Nc6
Rb7 24.Kh2 f5 25.g5 f4 26.Bf3 Kg8 27.h4 Re8 28.Bg4 f3 29.Nd4 Rbe7 30.Be6+ Kh8
31.Nf5 Rc7 32.Re3 Bb7 33.Kg1 Rf8 34.Ng3 { ...0-1, Kuzmin Gennadi P 2505 -
Mokry Karel 2470 , Polanica Zdroj 1984 It (cat.8) } ) ( 14...Nc5 15.Be3 Na4
16.Rb1 Bg5 17.f4 exf4 18.Bxf4 Ra7 19.Qd4 Bxf4 20.Rxf4 Re7 21.a3 Rb7 22.c3 Nc5
23.axb4 axb4 24.cxb4 Na6 25.Qc3 Qb6+ 26.Kh2 Nxb4 27.Nh5 f6 28.Rc4 Bd7 29.Nf4
Na2 30.Qd2 Qb3 31.Rc6 Ra7 32.Ne6 Re8 33.Nd4 Qb8 34.b4 { ...1-0, Lupulescu
Constantin 2560 - Popovic Dusan 2447 , Subotica 2003 Memorial Mirko Srajber
(cat.10) } ) 15.Re1 g6 16.Bh6 Re8 17.a3 Qc7 18.axb4 axb4 19.Qd2 Reb8 20.Ne4
Bb7 21.Rxa8 Bxa8 22.Ra1 Nb6 23.Qxb4 Bxd5 24.Qd2 Bc6 25.Qc3 Rc8 26.b3 d5 27.Ra7
{ ? } ( 27.Ng3 Qb8 28.Qa5 Qb7 29.Qe1 Nd7 30.Be3 Qb8 31.g5 e4 32.Ne2 Ne5 33.Nd4
{ } ) 27...Qxa7 28.Qxe5 f6 29.Qe6+ Kh8 30.Qf7 Rg8 { } {#R} 0-1

[Event "Tournament (open)"]
[Site "masterchessopen.com – Can Tho (Vietnam)"]
[Date "2006.09.19"]
[Round "7"]
[White "Dang Duy Linh (VIE)"]
[Black "Duong Thuong Cong (VIE)"]
[Result "1-0"]
[WhiteElo "2128"]
[BlackElo "2003"]

1.e4 c5 2.Nf3 d6 3.d4 cxd4 4.Nxd4 Nf6 5.Nc3 a6 6.g3 e5 7.Nb3 Be6 8.Bg2 Be7
9.O-O b5 10.f4 Qb6+ 11.Kh1 h5 12.fxe5 Ng4 13.Nd5 Bxd5 14.Qxd5 Nf2+ 15.Rxf2
Qxf2 16.Bd2 Ra7 17.Rf1 Qb6 18.Qxf7+ Kd8 19.Ba5 {#r} 1-0

[Event "Ch Croatia (team) (3rd league)"]
[Site "masterchessopen.com – Croatia"]
[Date "2006.10.29"]
[Round "9"]
[White "Grudic Aleksandar (CRO)"]
[Black "Gorup Damir (CRO)"]
[Result "1-0"]
[WhiteElo "2200"]
[BlackElo "2007"]

1.e4 c5 2.Nf3 d6 3.d4 cxd4 4.Nxd4 Nf6 5.Nc3 a6 6.g3 g6 7.Bg2 Bg7 8.O-O O-O
9.h3 Qc7 10.Be3 Bd7 11.Qd2 Nc6 12.f4 e5 13.Nde2 Ne8 14.Nd5 Qa5 15.b4 Qd8 16.f5
f6 17.a4 b5 18.a5 Rb8 19.Rac1 Qc8 20.g4 Kh8 21.c4 Qb7 22.c5 Rf7 23.h4 Rd8
24.Bh3 dxc5 25.Bxc5 Bf8 26.Bxf8 Rxf8 27.fxg6 Be6 28.Qh6 Rg8 29.Nxf6 Nxf6
30.Rxf6 Bc4 31.Rf7 {#r} 1-0

[Event "It (open) (juniors) (under 16)"]
[Site "masterchessopen.com – Benidorm (Spain)"]
[Date "2006.12.07"]
[Round "5"]
[White "Diaz Herrero Alvaro (ESP)"]
[Black "Ontanon Gomez Pablo (ESP)"]
[Result "1-0"]
[WhiteElo "1906"]
[BlackElo "2114"]

1.e4 c5 2.Nf3 d6 3.d4 cxd4 4.Nxd4 Nf6 5.Nc3 a6 6.g3 e5 7.Nde2 Be7 8.Bg2 O-O
9.h3 Be6 10.a4 b6 11.g4 Nfd7 12.Ng3 Nc6 13.Nf5 Bxf5 14.exf5 Rc8 15.Be3 Na5
16.Nd5 Re8 17.Qd3 Nc5 18.Bxc5 bxc5 19.Qxa6 {#r} 1-0